000 00490nam a2200157Ia 4500
008 100204s9999 xx 000 0 und d
082 _b11864
100 _aकेळकर ग. म.
245 _aअव्दितीय साहस कथा भाग -2
250 _a0
260 _c1988
300 _a66
630 _aअव्दितीय साहस कथा भाग -2
730 _aअव्दितीय साहस कथा भाग -2
942 _cBOOK
999 _c456276
_d456273